| 000 | 00927cam a2200265 4500 | ||
|---|---|---|---|
| 001 | J2332 | ||
| 008 | 090401t1994 xxu||||| |||| 00| 0 eng d | ||
| 035 | _a(Sirsi) u48439 | ||
| 041 | _aeng | ||
| 050 | _a692.9 | ||
| 090 | _aJCT 1994/9A | ||
| 110 |
_aJoint Contracts Tribunal _93664 |
||
| 245 | _aSub-contract conditions for sub-contractors named under the Intermediate Form of Building Contract: (NAM/SC) 1984 edition... Amendment 7 and guidance notes issued April 1994. | ||
| 260 |
_aLondon _bBEC Publications _c1994 |
||
| 300 | _a15p. ; 30cm. | ||
| 350 | _a1 | ||
| 520 | _aConcerns insurance against injury to persons or property and determination | ||
| 650 | _aAMENDMENT 7 | ||
| 650 | _aJCT INTERMEDIATE FORM OF BUILDING CONTRACT (1984 EDITION) | ||
| 650 | _aPUBLIC LIABILITY INSURANCE | ||
| 650 | _aSUBCONTRACTS | ||
| 690 | _aBUILT ENVIRONMENT-BUILDING CONTRACT FORMS | ||
| 942 | _n0 | ||
| 948 | _c04/03/1997 | ||
| 999 |
_c92339 _d92339 |
||